Complete book of business etiquette (Record no. 85352)

MARC details
000 -LEADER
fixed length control field 00512nam a2200193Ia 4500
008 - FIXED-LENGTH DATA ELEMENTS--GENERAL INFORMATION
fixed length control field 230125s9999 xx 000 0 und d
020 ## - INTERNATIONAL STANDARD BOOK NUMBER
International Standard Book Number 0-7499-1148-4
041 ## - LANGUAGE CODE
Language code of text/sound track or separate title eng
082 ## - DEWEY DECIMAL CLASSIFICATION NUMBER
Classification number 174.4
Item number BRE BLO
100 ## - MAIN ENTRY--PERSONAL NAME
Personal name Brennan L
9 (RLIN) 108546
245 ## - TITLE STATEMENT
Title Complete book of business etiquette
260 ## - PUBLICATION, DISTRIBUTION, ETC. (IMPRINT)
Date of publication, distribution, etc. 1996
Name of publisher, distributor, etc. Piatkus publication
Place of publication, distribution, etc. London
300 ## - PHYSICAL DESCRIPTION
Extent 189p
500 ## - GENERAL NOTE
Keywords Business Ethics
500 ## - GENERAL NOTE
Keywords Ethics
650 ## - SUBJECT ADDED ENTRY--TOPICAL TERM
Topical term or geographic name as entry element Business Ethics
9 (RLIN) 106801
700 ## - ADDED ENTRY--PERSONAL NAME
Personal name Brennan L & Block D
9 (RLIN) 108547
Holdings
Withdrawn status Lost status Damaged status Not for loan Home library Current library Date acquired Vendor Cost, normal purchase price Total Checkouts Full call number Barcode Date last seen Cost, replacement price Bill Date Koha item type Original Barcode
        Smt. Hiraben Nanavati Institute of Management & Research for Women Smt. Hiraben Nanavati Institute of Management & Research for Women 14/07/1998 Word Book Shop 177.00   174.4 BRE/BLO B01055 HIMR-BK-1055 25/01/2023 177.00 07/10/1998 Books B01055
        Smt. Hiraben Nanavati Institute of Management & Research for Women Smt. Hiraben Nanavati Institute of Management & Research for Women 06/08/1999 Word Book Shop 395.00   174.4 BRE/BLO B01730 HIMR-BK-1730 25/01/2023 395.00 08/06/1999 Books B01730